00000000cam 2200000zi 4500
0019.958058
003CaOODSP
00520251208133257
006m     o  d f      
007cr bn|||||||||
008251208s1969    oncb    o    f000 0 eng d
040 |aCaOODSP|beng|erda|cCaOODSP
0861 |aEn58-27/4-69E-PDF
1001 |aManning, Frank D., |eauthor.
24510|aClimatic data for the day of the eclipse March 7, 1970 / |cby F.D. Manning.
264 1|aToronto, Ontario : |bClimatology Division, Meteorological Branch, Department of Transport, |c1969.
300 |a1 online resource (4 pages, 1 unnumbered page) : |bmap.
336 |atext|btxt|2rdacontent
337 |acomputer|bc|2rdamedia
338 |aonline resource|bcr|2rdacarrier
4901 |aCDS ; |v#4-69
500 |aDigitized edition from print [produced by Environment and Climate Change Canada].
500 |a"26/9/69."
520 |a"On March 7, 1970, a total eclipse of the sun will occur over a strip of Nova Scotia and Newfoundland. In addition to professional astronomers, many amateurs are interested in making observations on the eclipse. The accompanying tables and figures have been produced to show normal climatic conditions in Nova Scotia and Newfoundland during that part of the year and to show the path of the eclipse. The eclipse times are expressed in Atlantic Standard Time in every instance"--Page [1].
650 0|aSolar eclipses.
650 0|aClimatology.
650 6|aÉclipses de Soleil.
650 6|aClimatologie.
7101 |aCanada. |bMeteorological Branch, |eissuing body.
830#0|aCDS ;|vno. 4-69.|w(CaOODSP)9.932874
85640|qPDF|s420 KB|uhttps://publications.gc.ca/collections/collection_2025/eccc/en58/En58-27-4-69-eng.pdf